02398nam a22001817a 4500008004100000020001800041050002100059050002000080100002500100245012300125260003400248300001800282500010900300500003500409505171700444650002002161650003502181140920b 2009mx ||||| |||| 00| 0 spa d a978607090242014aKGF7695 A28 2009 4aKGF7695.A28 R631 aROCHA LICEA, Leticia10aJusticia penal para adolescentes en el Distrito Federal b: normatividad local e internacional c/ Leticia Rocha Licea aMéxicob: Porrúac, 2009. a742 páginas aEDUCACIÓN MIXTA LIC. MAX DERECHO / SISTEMA DE JUSTICIA PENAL PARA ADOLESCENTES P27 (L-1) / (04 005244) aDiccionario de terminología 2 aLey de justicia para adolescentes para el Distrito Federal; normas generales locales del sistema de justicia para adolescentes; disposiciones constitucionales; estatuto de gobierno del distrito federal; código penal para el Distrito Federal; código de procedimientos penales para el Distrito Federal; ley de justicia alternativa del tribunal superior de justicia para el Distrito Federal; disposiciones de la ley federal del trabajo aplicables a la reparación del daño; ley de atención y apoyo a las víctimas del delito para el Distrito Federal; ley de fondo de apoyo a la procuración de justicia en el Distrito Federal; código de ética del tribunal superior y del consejo de la judicatura del Distrito Federal;ley orgánica del tribunal superior de justicia del Distrito Federal; ley de transparencia y acceso a la información pública del Distrito Federal; reglamento de la ley de justicia para adolescentes para el Distrito Federal en materia de ejecución de medidas y centros especializados para adolescentes; ley de los y las jóvenes del Distrito Federal; convención americana sobre derechos humanos (pacto de San Jose Costa Rica); reglas mínimas de las Naciones Unidas sobre las medidas no privativas de la libertad (reglas de Tokio); declaración universal de los derechos humanos; declaración de los derechos del niño; convención sobre los derechos del niño; reglas mínimas de las Naciones Unidas para la administración de justicia de menores (reglas de Beijing); reglas de las Naciones Unidas para la protección de los menores privados de libertad; directrices de las Naciones Unidas para la prevención de la delincuencia juvenil (directrices del RIAD).14vPENALxJUSTICIA14xADOLESCENTESzDISTRITO FEDERAL